01553cam a22003254a 450000100090000000300040000900500170001300800410003001000170007102000180008804000180010604200080012405000210013208200170015310000270017024500620019725000120025926000310027130000390030249000360034150400510037750503070042865000200073570000250075594200400078095201300082095201300095095201300108099900170121017063764OSt20250609151231.0111130s2013 maua b 001 0 eng  a 2011049296 a9789332585096 aDLCcDLCdDLC apcc00aHB172b.P53 201300a338.5bPIN/M aPindyck, Robert S945710aMicroeconomics /cRobert S. Pindyck, Daniel L. Rubinfeld. a8th ed. aBoston :bPearson,cc2013. axxiv, 743 p. :bcol. ill ;c27 cm.0 aThe Pearson series in economics aIncludes bibliographical references and index.0 aIntroduction: markets and prices -- Preliminaries -- The basics of supply and demand -- Producers, consumers, and competitive -- Consumer behavior -- Individual and market demand -- Uncertainty and consumer behavior -- Production -- The cost of production -- Profit maximization and competitive supply. 0aMicroeconomics.1 aRubinfeld, Daniel L. 2ddccBKh338.5iPIN/Mk338.5mPIN/M 00102ddc40708PRODUCTIONaMESbMEScECO d2025-06-09l0o338.5 PIN/Mp45335r2025-06-09 15:11:45t1w2025-06-09yBKzGL7R5 00102ddc40708PRODUCTIONaMESbMEScECO d2025-06-09l0o338.5 PIN/Mp45336r2025-06-09 15:11:45t2w2025-06-09yBKzGL7R5 00102ddc40708PRODUCTIONaMESbMEScECO d2025-06-09l0o338.5 PIN/Mp45337r2025-06-09 15:12:21t3w2025-06-09yBKzGL7R5 c44442d44442